00545nam a2200169Ia 4500008004100000020001500041041000800056082001800064100002200082245002700104250000600131260004200137300002400179650002600203999001900229952012700248210716s2004 xx 000 0 und d a0471228761 aeng a658.1511 JIAJ aJiambalvo, James. aManagerial accounting. a5 aNew JerseybJohn Wiley and Sonsc2004 axxix,499,G6,I7/2015 aManagement Accounting c209169d209169 001040708MBAaAIMITbAIMITd2015-03-25g649.00l0o658.1511 JIAJpMBA11735r2026-05-23 00:00:00v486.75w2021-07-16yBK